[Event "European Chess Club Cup 2023"]
[Site "Durres, Albania"]
[Date "2023.10.03"]
[Round "3.29"]
[White "Maze, Sebastien"]
[Black "Vogt, Lothar"]
[Result "1-0"]
[TimeControl "90' + 30' & 30\""]
[WhiteElo "2546"]
[BlackElo "2286"]

1. e4 {[%clk 01:30:25]} {[%emt 00:00:25]} c5 {[%clk 01:30:57]} {[%emt
00:00:05]} 2. Nf3 {[%clk 01:30:15]} {[%emt 00:00:41]} d6 {[%clk 01:30:31]}
{[%emt 00:00:55]} 3. Bb5+ {[%clk 01:30:41]} {[%emt 00:00:05]} Bd7 {[%clk
01:30:27]} {[%emt 00:00:33]} 4. Bxd7+ {[%clk 01:31:05]} {[%emt 00:00:06]} Qxd7
{[%clk 01:30:46]} {[%emt 00:00:10]} 5. c4 {[%clk 01:31:32]} {[%emt 00:00:04]}
Nf6 {[%clk 01:30:12]} {[%emt 00:01:04]} 6. Nc3 {[%clk 01:31:58]} {[%emt
00:00:04]} g6 {[%clk 01:30:28]} {[%emt 00:00:14]} 7. d4 {[%clk 01:32:25]}
{[%emt 00:00:04]} cxd4 {[%clk 01:30:49]} {[%emt 00:00:09]} 8. Nxd4 {[%clk
01:32:50]} {[%emt 00:00:05]} Bg7 {[%clk 01:31:09]} {[%emt 00:00:09]} 9. f3
{[%clk 01:33:16]} {[%emt 00:00:05]} Nc6 {[%clk 01:30:33]} {[%emt 00:01:06]} 10.
Be3 {[%clk 01:33:37]} {[%emt 00:00:09]} O-O {[%clk 01:30:10]} {[%emt 00:00:52]}
11. O-O {[%clk 01:34:03]} {[%emt 00:00:04]} a6 {[%clk 01:25:52]} {[%emt
00:04:48]} 12. Qd3 {[%clk 01:34:16]} {[%emt 00:00:17]} Rfc8 {[%clk 01:21:41]}
{[%emt 00:04:41]} 13. b3 {[%clk 01:34:16]} {[%emt 00:00:31]} Rab8 {[%clk
01:21:30]} {[%emt 00:00:40]} 14. a4 {[%clk 01:31:55]} {[%emt 00:02:51]} e6
{[%clk 01:17:19]} {[%emt 00:04:40]} 15. Rad1 {[%clk 01:18:11]} {[%emt
00:14:15]} Rd8 {[%clk 01:12:52]} {[%emt 00:04:57]} 16. Nde2 {[%clk 01:16:30]}
{[%emt 00:02:12]} Qc7 {[%clk 01:11:11]} {[%emt 00:02:11]} 17. Kh1 {[%clk
00:58:27]} {[%emt 00:18:34]} Rbc8 {[%clk 00:59:26]} {[%emt 00:12:14]} 18. Rc1
{[%clk 00:57:21]} {[%emt 00:01:37]} Qa5 {[%clk 00:57:54]} {[%emt 00:02:02]} 19.
f4 {[%clk 00:49:58]} {[%emt 00:07:53]} Ng4 {[%clk 00:53:36]} {[%emt 00:04:47]}
20. Bg1 {[%clk 00:50:03]} {[%emt 00:00:26]} f5 {[%clk 00:53:47]} {[%emt
00:00:18]} 21. Rfd1 {[%clk 00:39:40]} {[%emt 00:10:54]} Nf6 {[%clk 00:52:17]}
{[%emt 00:02:00]} 22. Nd4 {[%clk 00:34:32]} {[%emt 00:05:38]} Nxd4 {[%clk
00:46:28]} {[%emt 00:06:19]} 23. Bxd4 {[%clk 00:34:42]} {[%emt 00:00:20]} Qb4
{[%clk 00:38:07]} {[%emt 00:08:51]} 24. exf5 {[%clk 00:31:46]} {[%emt
00:03:26]} gxf5 {[%clk 00:38:08]} {[%emt 00:00:28]} 25. Qe2 {[%clk 00:28:44]}
{[%emt 00:03:32]} Re8 {[%clk 00:37:51]} {[%emt 00:00:48]} 26. Qb2 {[%clk
00:28:07]} {[%emt 00:01:08]} e5 {[%clk 00:31:14]} {[%emt 00:07:07]} 27. Na2
{[%clk 00:28:18]} {[%emt 00:00:19]} Qa5 {[%clk 00:31:27]} {[%emt 00:00:16]} 28.
Bc3 {[%clk 00:26:00]} {[%emt 00:02:48]} Qb6 {[%clk 00:23:52]} {[%emt 00:08:05]}
29. Nb4 {[%clk 00:23:31]} {[%emt 00:03:00]} Ne4 {[%clk 00:22:40]} {[%emt
00:01:41]} 30. Rc2 {[%clk 00:15:07]} {[%emt 00:08:54]} Nxc3 {[%clk 00:19:17]}
{[%emt 00:03:52]} 31. Qxc3 {[%clk 00:15:35]} {[%emt 00:00:03]} Qa5 {[%clk
00:10:47]} {[%emt 00:09:00]} 32. Nd5 {[%clk 00:13:13]} {[%emt 00:02:52]} Qxc3
{[%clk 00:10:55]} {[%emt 00:00:21]} 33. Rxc3 {[%clk 00:13:42]} {[%emt
00:00:02]} exf4 {[%clk 00:10:38]} {[%emt 00:00:47]} 34. Rf3 {[%clk 00:11:21]}
{[%emt 00:02:50]} Be5 {[%clk 00:09:03]} {[%emt 00:02:04]} 35. h3 {[%clk
00:08:05]} {[%emt 00:03:48]} Kf7 {[%clk 00:05:23]} {[%emt 00:04:09]} 36. Nxf4
{[%clk 00:07:12]} {[%emt 00:01:23]} Bxf4 {[%clk 00:05:35]} {[%emt 00:00:18]} 37.
Rxf4 {[%clk 00:07:41]} {[%emt 00:00:02]} Ke6 {[%clk 00:05:46]} {[%emt
00:00:19]} 38. Rh4 {[%clk 00:07:52]} {[%emt 00:00:19]} 1-0

[Event "European Chess Club Cup 2023"]
[Site "Durres, Albania"]
[Date "2023.10.03"]
[Round "3.31"]
[White "Kadric, Denis"]
[Black "Donchenko, Alexander"]
[Result "1/2-1/2"]
[TimeControl "90' + 30' & 30\""]
[WhiteElo "2579"]
[BlackElo "2676"]

1. e4 {[%clk 01:30:29]} {[%emt 00:00:29]} e5 {[%clk 01:30:33]} {[%emt
00:00:28]} 2. Nf3 {[%clk 01:30:53]} {[%emt 00:00:06]} Nc6 {[%clk 01:30:57]}
{[%emt 00:00:06]} 3. Bc4 {[%clk 01:31:19]} {[%emt 00:00:05]} Bc5 {[%clk
01:31:12]} {[%emt 00:00:13]} 4. O-O {[%clk 01:31:35]} {[%emt 00:00:15]} Nf6
{[%clk 01:31:31]} {[%emt 00:00:11]} 5. d3 {[%clk 01:32:03]} {[%emt 00:00:02]}
d6 {[%clk 01:31:23]} {[%emt 00:00:37]} 6. c3 {[%clk 01:32:30]} {[%emt
00:00:04]} a5 {[%clk 01:31:11]} {[%emt 00:00:42]} 7. Re1 {[%clk 01:32:47]}
{[%emt 00:00:12]} O-O {[%clk 01:31:19]} {[%emt 00:00:22]} 8. h3 {[%clk
01:33:14]} {[%emt 00:00:04]} h6 {[%clk 01:31:07]} {[%emt 00:00:42]} 9. Nbd2
{[%clk 01:33:20]} {[%emt 00:00:24]} Be6 {[%clk 01:30:50]} {[%emt 00:00:47]} 10.
Bb5 {[%clk 01:33:43]} {[%emt 00:00:07]} Ba7 {[%clk 01:30:50]} {[%emt 00:00:29]}
11. Ba4 {[%clk 01:29:05]} {[%emt 00:05:09]} Rb8 {[%clk 01:30:28]} {[%emt
00:00:52]} 12. Bc2 {[%clk 01:29:01]} {[%emt 00:00:35]} b5 {[%clk 01:25:22]}
{[%emt 00:05:35]} 13. Nf1 {[%clk 01:27:21]} {[%emt 00:02:10]} d5 {[%clk
01:24:45]} {[%emt 00:01:06]} 14. exd5 {[%clk 01:27:36]} {[%emt 00:00:15]} Qxd5
{[%clk 01:24:41]} {[%emt 00:00:35]} 15. Ng3 {[%clk 01:25:41]} {[%emt 00:02:25]}
Rbd8 {[%clk 01:11:09]} {[%emt 00:14:03]} 16. Qe2 {[%clk 01:17:19]} {[%emt
00:08:52]} Rfe8 {[%clk 01:05:26]} {[%emt 00:06:12]} 17. Be3 {[%clk 01:17:00]}
{[%emt 00:00:49]} Bxe3 {[%clk 00:56:03]} {[%emt 00:09:53]} 18. fxe3 {[%clk
01:15:41]} {[%emt 00:01:48]} Qd6 {[%clk 00:50:11]} {[%emt 00:06:22]} 19. Qf2
{[%clk 01:15:20]} {[%emt 00:00:52]} Ne7 {[%clk 00:48:19]} {[%emt 00:02:22]} 20.
d4 {[%clk 01:14:04]} {[%emt 00:01:46]} exd4 {[%clk 00:47:19]} {[%emt 00:01:30]}
21. cxd4 {[%clk 01:12:46]} {[%emt 00:01:49]} Nfd5 {[%clk 00:43:04]} {[%emt
00:04:44]} 22. e4 {[%clk 01:04:38]} {[%emt 00:08:38]} Nf4 {[%clk 00:42:41]}
{[%emt 00:00:53]} 23. Kh2 {[%clk 00:47:22]} {[%emt 00:17:46]} Qb6 {[%clk
00:39:44]} {[%emt 00:03:27]} 24. a3 {[%clk 00:42:48]} {[%emt 00:05:04]} Rf8
{[%clk 00:34:16]} {[%emt 00:05:58]} 25. Qe3 {[%clk 00:41:24]} {[%emt 00:01:55]}
Nfg6 {[%clk 00:33:57]} {[%emt 00:00:48]} 26. Rac1 {[%clk 00:39:42]} {[%emt
00:02:13]} f5 {[%clk 00:26:17]} {[%emt 00:08:09]} 27. exf5 {[%clk 00:35:40]}
{[%emt 00:04:32]} Bxf5 {[%clk 00:26:29]} {[%emt 00:00:18]} 28. Nxf5 {[%clk
00:30:07]} {[%emt 00:06:03]} Nxf5 {[%clk 00:26:53]} {[%emt 00:00:06]} 29. Qe6+
{[%clk 00:30:29]} {[%emt 00:00:08]} Qxe6 {[%clk 00:27:14]} {[%emt 00:00:09]} 30.
Rxe6 {[%clk 00:30:57]} {[%emt 00:00:03]} Nf4 {[%clk 00:26:01]} {[%emt
00:01:42]} 31. Re4 {[%clk 00:30:22]} {[%emt 00:01:05]} Nd6 {[%clk 00:19:55]}
{[%emt 00:06:36]} 32. Bb3+ {[%clk 00:28:38]} {[%emt 00:02:14]} Kh8 {[%clk
00:19:05]} {[%emt 00:01:19]} 33. Re7 {[%clk 00:29:04]} {[%emt 00:00:05]} Nf5
{[%clk 00:17:45]} {[%emt 00:01:50]} 34. Rexc7 {[%clk 00:16:45]} {[%emt
00:12:50]} Ne2 {[%clk 00:14:46]} {[%emt 00:03:28]} 35. Ne5 {[%clk 00:05:47]}
{[%emt 00:11:27]} Nxc1 {[%clk 00:14:40]} {[%emt 00:00:37]} 36. Ng6+ {[%clk
00:06:14]} {[%emt 00:00:03]} Kh7 {[%clk 00:15:05]} {[%emt 00:00:05]} 37. Nxf8+
{[%clk 00:06:42]} {[%emt 00:00:02]} Rxf8 {[%clk 00:15:28]} {[%emt 00:00:07]} 38.
Rxc1 {[%clk 00:07:11]} {[%emt 00:00:02]} Nxd4 {[%clk 00:15:49]} {[%emt
00:00:09]} 39. Bd5 {[%clk 00:07:34]} {[%emt 00:00:06]} Rd8 {[%clk 00:02:45]}
{[%emt 00:13:34]} 40. Be4+ {[%clk 00:07:20]} {[%emt 00:00:44]} Kg8 {[%clk
00:03:12]} {[%emt 00:00:03]} 41. Rc7 {[%clk 00:07:40]} {[%emt 00:00:10]} Ne6
{[%clk 00:01:30]} {[%emt 00:02:12]} 42. Ra7 {[%clk 00:07:28]} {[%emt 00:00:42]}
a4 {[%clk 00:28:32]} {[%emt 00:03:28]} 43. Bc6 {[%clk 00:32:17]} {[%emt
00:05:41]} Nd4 {[%clk 00:26:59]} {[%emt 00:02:02]} 44. Bd7 {[%clk 00:32:44]}
{[%emt 00:00:04]} Rb8 {[%clk 00:11:31]} {[%emt 00:15:58]} 45. Kg3 {[%clk
00:33:07]} {[%emt 00:00:07]} g5 {[%clk 00:11:45]} {[%emt 00:00:16]} 46. Kg4
{[%clk 00:31:46]} {[%emt 00:01:50]} Rb6 {[%clk 00:11:28]} {[%emt 00:00:48]} 47.
Kh5 {[%clk 00:28:54]} {[%emt 00:03:22]} Ne2 {[%clk 00:11:15]} {[%emt 00:00:43]}
48. Kg4 {[%clk 00:26:18]} {[%emt 00:03:06]} Nd4 {[%clk 00:11:33]} {[%emt
00:00:12]} 49. Rc7 {[%clk 00:26:25]} {[%emt 00:00:23]} Rf6 {[%clk 00:09:59]}
{[%emt 00:02:04]} 50. Kh5 {[%clk 00:15:56]} {[%emt 00:10:59]} Kf8 {[%clk
00:09:39]} {[%emt 00:00:50]} 51. Bg4 {[%clk 00:11:47]} {[%emt 00:04:39]} Ne6
{[%clk 00:06:56]} {[%emt 00:03:13]} 52. Bxe6 {[%clk 00:09:28]} {[%emt
00:02:49]} Rxe6 {[%clk 00:07:25]} 53. Rb7 {[%clk 00:08:13]} {[%emt 00:01:45]}
Re2 {[%clk 00:07:36]} {[%emt 00:00:19]} 54. Rxb5 {[%clk 00:08:39]} {[%emt
00:00:04]} Rxg2 {[%clk 00:07:53]} {[%emt 00:00:13]} 55. Kxh6 {[%clk 00:07:44]}
{[%emt 00:01:25]} Kf7 {[%clk 00:06:29]} {[%emt 00:01:55]} 56. Rb6 {[%clk
00:08:10]} {[%emt 00:00:04]} Rg3 {[%clk 00:04:39]} {[%emt 00:02:18]} 57. Kh5
{[%clk 00:07:56]} {[%emt 00:00:45]} Rxh3+ {[%clk 00:00:31]} {[%emt 00:04:38]}
58. Kxg5 {[%clk 00:08:21]} {[%emt 00:00:04]} Rh8 {[%clk 00:00:32]} {[%emt
00:00:30]} 59. Kf5 {[%clk 00:08:34]} {[%emt 00:00:17]} Ke7 {[%clk 00:00:47]}
{[%emt 00:00:16]} 60. Ke5 {[%clk 00:07:01]} {[%emt 00:02:03]} Kd7 {[%clk
00:01:15]} {[%emt 00:00:01]} 61. Kd5 {[%clk 00:06:46]} {[%emt 00:00:45]} Kc7
{[%clk 00:01:44]} 62. Rb4 {[%clk 00:07:11]} {[%emt 00:00:06]} Rh5+ {[%clk
00:01:26]} {[%emt 00:00:47]} 63. Kc4 {[%clk 00:07:30]} {[%emt 00:00:11]} Ra5
{[%clk 00:01:55]} {[%emt 00:00:02]} 64. Rb5 {[%clk 00:07:39]} {[%emt 00:00:20]}
Ra6 {[%clk 00:02:08]} {[%emt 00:00:16]} 65. Kb4 {[%clk 00:07:38]} {[%emt
00:00:32]} Kc8 {[%clk 00:02:15]} {[%emt 00:00:23]} 66. Rc5+ {[%clk 00:07:29]}
{[%emt 00:00:39]} Kd7 {[%clk 00:02:11]} {[%emt 00:00:33]} 67. Rc2 {[%clk
00:07:58]} {[%emt 00:00:02]} Ra8 {[%clk 00:01:32]} {[%emt 00:01:09]} 68. Kb5
{[%clk 00:08:18]} {[%emt 00:00:10]} Kd6 {[%clk 00:01:38]} {[%emt 00:00:23]} 69.
Rh2 {[%clk 00:06:57]} {[%emt 00:01:51]} Kd7 {[%clk 00:01:38]} {[%emt 00:00:31]}
70. Rh7+ {[%clk 00:05:48]} {[%emt 00:01:39]} Kd6 {[%clk 00:02:06]} {[%emt
00:00:02]} 71. Rb7 {[%clk 00:06:13]} {[%emt 00:00:05]} Ke6 {[%clk 00:00:54]}
{[%emt 00:01:42]} 72. Kc6 {[%clk 00:06:24]} {[%emt 00:00:19]} Rc8+ {[%clk
00:00:59]} {[%emt 00:00:25]} 73. Kb6 {[%clk 00:05:34]} {[%emt 00:01:20]} Ra8
{[%clk 00:00:39]} {[%emt 00:00:51]} 74. Kc7 {[%clk 00:01:43]} {[%emt 00:04:21]}
Kd5 {[%clk 00:00:51]} {[%emt 00:00:17]} 75. Rb4 {[%clk 00:01:10]} {[%emt
00:01:03]} Kc5 {[%clk 00:00:53]} {[%emt 00:00:28]} 76. Rh4 {[%clk 00:01:12]}
{[%emt 00:00:29]} Kb5 {[%clk 00:00:32]} {[%emt 00:00:51]} 77. Rh5+ {[%clk
00:00:45]} {[%emt 00:00:56]} Ka6 {[%clk 00:00:38]} {[%emt 00:00:22]} 78. Rh6+
{[%clk 00:01:06]} {[%emt 00:00:11]} Kb5 {[%clk 00:00:57]} {[%emt 00:00:11]} 79.
Kb7 {[%clk 00:00:48]} {[%emt 00:00:49]} Rg8 {[%clk 00:01:25]} {[%emt 00:00:01]}
80. Rh5+ {[%clk 00:00:46]} {[%emt 00:00:32]} Kc4 {[%clk 00:01:54]} {[%emt
00:00:01]} 81. Rh4+ {[%clk 00:00:34]} {[%emt 00:00:43]} Kb5 {[%clk 00:02:19]}
{[%emt 00:00:04]} 1/2-1/2

[Event "European Chess Club Cup 2023"]
[Site "Durres, Albania"]
[Date "2023.10.03"]
[Round "3.32"]
[White "Vallejo Pons, Francisco"]
[Black "Petrov, Nikita"]
[Result "1-0"]
[TimeControl "90' + 30' & 30\""]
[WhiteElo "2680"]
[BlackElo "2551"]

1. c4 {[%clk 01:30:54]} {[%emt 00:00:05]} Nf6 {[%clk 01:30:33]} {[%emt
00:00:28]} 2. Nc3 {[%clk 01:30:57]} {[%emt 00:00:27]} e5 {[%clk 01:30:26]}
{[%emt 00:00:37]} 3. Nf3 {[%clk 01:31:11]} {[%emt 00:00:16]} Nc6 {[%clk
01:30:31]} {[%emt 00:00:24]} 4. g3 {[%clk 01:31:33]} {[%emt 00:00:09]} Nd4
{[%clk 01:28:24]} {[%emt 00:02:37]} 5. Bg2 {[%clk 01:31:08]} {[%emt 00:00:55]}
Nxf3+ {[%clk 01:28:38]} {[%emt 00:00:16]} 6. Bxf3 {[%clk 01:31:31]} {[%emt
00:00:07]} Bb4 {[%clk 01:28:07]} {[%emt 00:01:01]} 7. g4 {[%clk 01:31:23]}
{[%emt 00:00:38]} h6 {[%clk 01:24:09]} {[%emt 00:04:28]} 8. h4 {[%clk
01:29:31]} {[%emt 00:02:22]} c6 {[%clk 01:20:59]} {[%emt 00:03:39]} 9. Rg1
{[%clk 01:29:54]} {[%emt 00:00:07]} d6 {[%clk 01:10:42]} {[%emt 00:10:47]} 10.
d3 {[%clk 01:29:19]} {[%emt 00:01:05]} Nh7 {[%clk 01:05:44]} {[%emt 00:05:28]}
11. Qa4 {[%clk 01:18:21]} {[%emt 00:11:27]} a5 {[%clk 00:45:41]} {[%emt
00:20:34]} 12. a3 {[%clk 01:05:57]} {[%emt 00:12:54]} Bxc3+ {[%clk 00:42:01]}
{[%emt 00:04:10]} 13. bxc3 {[%clk 01:06:24]} {[%emt 00:00:03]} Nf8 {[%clk
00:42:08]} {[%emt 00:00:24]} 14. Be3 {[%clk 00:55:09]} {[%emt 00:11:45]} Ne6
{[%clk 00:34:08]} {[%emt 00:08:29]} 15. d4 {[%clk 00:49:07]} {[%emt 00:06:32]}
O-O {[%clk 00:28:58]} {[%emt 00:05:40]} 16. g5 {[%clk 00:45:42]} {[%emt
00:03:56]} hxg5 {[%clk 00:27:15]} {[%emt 00:02:13]} 17. hxg5 {[%clk 00:45:00]}
{[%emt 00:01:12]} f5 {[%clk 00:26:49]} {[%emt 00:00:56]} 18. gxf6 {[%clk
00:38:04]} {[%emt 00:07:26]} Qxf6 {[%clk 00:27:11]} {[%emt 00:00:07]} 19. Rd1
{[%clk 00:31:04]} {[%emt 00:07:31]} Nf4 {[%clk 00:19:59]} {[%emt 00:07:41]} 20.
c5 {[%clk 00:29:44]} {[%emt 00:01:51]} dxc5 {[%clk 00:18:41]} {[%emt 00:01:47]}
21. Qc4+ {[%clk 00:24:49]} {[%emt 00:05:26]} Be6 {[%clk 00:15:40]} {[%emt
00:03:31]} 22. Qxc5 {[%clk 00:25:16]} {[%emt 00:00:03]} Rad8 {[%clk 00:15:29]}
{[%emt 00:00:40]} 23. Qxe5 {[%clk 00:22:51]} {[%emt 00:02:55]} Qxe5 {[%clk
00:15:29]} {[%emt 00:00:31]} 24. dxe5 {[%clk 00:23:19]} {[%emt 00:00:02]} Nd3+
{[%clk 00:05:58]} {[%emt 00:10:00]} 25. Rxd3 {[%clk 00:13:01]} {[%emt
00:10:48]} Rxd3 {[%clk 00:06:24]} {[%emt 00:00:04]} 26. exd3 {[%clk 00:13:25]}
{[%emt 00:00:07]} Rxf3 {[%clk 00:06:49]} {[%emt 00:00:05]} 27. Kd2 {[%clk
00:13:23]} {[%emt 00:00:31]} b5 {[%clk 00:05:34]} {[%emt 00:01:45]} 28. a4
{[%clk 00:13:01]} {[%emt 00:00:53]} Rf5 {[%clk 00:03:01]} {[%emt 00:03:02]} 29.
Bd4 {[%clk 00:10:51]} {[%emt 00:02:40]} Bb3 {[%clk 00:02:06]} {[%emt 00:01:26]}
30. axb5 {[%clk 00:09:20]} {[%emt 00:02:00]} cxb5 {[%clk 00:02:32]} {[%emt
00:00:04]} 31. Rg6 {[%clk 00:09:24]} {[%emt 00:00:26]} a4 {[%clk 00:02:23]}
{[%emt 00:00:39]} 32. Rb6 {[%clk 00:08:33]} {[%emt 00:01:21]} a3 {[%clk
00:01:58]} {[%emt 00:00:55]} 33. Rxb5 {[%clk 00:07:18]} {[%emt 00:01:45]} a2
{[%clk 00:02:24]} {[%emt 00:00:04]} 34. c4 {[%clk 00:06:10]} {[%emt 00:01:39]}
Rxf2+ {[%clk 00:01:44]} {[%emt 00:01:10]} 35. Ke3 {[%clk 00:06:18]} {[%emt
00:00:21]} 1-0

[Event "European Chess Club Cup 2023"]
[Site "Durres, Albania"]
[Date "2023.10.03"]
[Round "3.33"]
[White "Draskovic, Luka"]
[Black "Bluebaum, Matthias"]
[Result "0-1"]
[TimeControl "90' + 30' & 30\""]
[WhiteElo "2481"]
[BlackElo "2668"]

1. e4 {[%clk 01:30:49]} {[%emt 00:00:10]} c6 {[%clk 01:30:39]} {[%emt
00:00:21]} 2. Nf3 {[%clk 01:30:52]} {[%emt 00:00:28]} d5 {[%clk 01:31:03]}
{[%emt 00:00:06]} 3. d3 {[%clk 01:31:18]} {[%emt 00:00:03]} Bg4 {[%clk
01:29:13]} {[%emt 00:02:20]} 4. Be2 {[%clk 01:28:12]} {[%emt 00:03:36]} e6
{[%clk 01:28:35]} {[%emt 00:01:08]} 5. O-O {[%clk 01:25:29]} {[%emt 00:03:13]}
Nf6 {[%clk 01:26:39]} {[%emt 00:02:26]} 6. Nbd2 {[%clk 01:22:52]} {[%emt
00:03:08]} Be7 {[%clk 01:26:21]} {[%emt 00:00:48]} 7. Ne5 {[%clk 01:10:37]}
{[%emt 00:12:45]} Bxe2 {[%clk 01:26:26]} {[%emt 00:00:24]} 8. Qxe2 {[%clk
01:11:03]} {[%emt 00:00:04]} O-O {[%clk 01:25:26]} {[%emt 00:01:30]} 9. Ndf3
{[%clk 01:06:01]} {[%emt 00:05:32]} Na6 {[%clk 01:18:38]} {[%emt 00:07:18]} 10.
h3 {[%clk 00:55:22]} {[%emt 00:11:10]} Nc5 {[%clk 01:16:13]} {[%emt 00:02:55]}
11. Ng4 {[%clk 00:53:26]} {[%emt 00:02:25]} Nxg4 {[%clk 01:08:44]} {[%emt
00:07:59]} 12. hxg4 {[%clk 00:53:49]} {[%emt 00:00:07]} dxe4 {[%clk 01:09:10]}
{[%emt 00:00:04]} 13. dxe4 {[%clk 00:54:14]} {[%emt 00:00:05]} Qb6 {[%clk
01:09:32]} {[%emt 00:00:09]} 14. b3 {[%clk 00:33:25]} {[%emt 00:21:18]} Bf6
{[%clk 01:05:14]} {[%emt 00:04:47]} 15. Rb1 {[%clk 00:28:50]} {[%emt 00:05:06]}
Rfd8 {[%clk 00:58:02]} {[%emt 00:07:43]} 16. Be3 {[%clk 00:22:31]} {[%emt
00:06:49]} Qb4 {[%clk 00:55:55]} {[%emt 00:02:37]} 17. Bxc5 {[%clk 00:21:44]}
{[%emt 00:01:17]} Qxc5 {[%clk 00:56:23]} {[%emt 00:00:01]} 18. Rbd1 {[%clk
00:21:57]} {[%emt 00:00:17]} Qa3 {[%clk 00:53:37]} {[%emt 00:03:16]} 19. c4
{[%clk 00:19:57]} {[%emt 00:02:30]} h6 {[%clk 00:52:56]} {[%emt 00:01:12]} 20.
g3 {[%clk 00:15:58]} {[%emt 00:04:27]} a5 {[%clk 00:50:53]} {[%emt 00:02:35]}
21. Kg2 {[%clk 00:14:48]} {[%emt 00:01:40]} a4 {[%clk 00:46:23]} {[%emt
00:05:00]} 22. Qc2 {[%clk 00:15:11]} {[%emt 00:00:06]} axb3 {[%clk 00:44:04]}
{[%emt 00:02:49]} 23. axb3 {[%clk 00:15:35]} {[%emt 00:00:06]} Qb2 {[%clk
00:39:47]} {[%emt 00:04:47]} 24. Qxb2 {[%clk 00:10:46]} {[%emt 00:05:18]} Bxb2
{[%clk 00:40:06]} {[%emt 00:00:12]} 25. Rxd8+ {[%clk 00:10:47]} {[%emt
00:00:30]} Rxd8 {[%clk 00:40:34]} {[%emt 00:00:01]} 26. Rb1 {[%clk 00:11:10]}
{[%emt 00:00:07]} Bf6 {[%clk 00:37:52]} {[%emt 00:03:12]} 27. Kf1 {[%clk
00:11:34]} {[%emt 00:00:06]} Kf8 {[%clk 00:36:56]} {[%emt 00:01:26]} 28. Ke2
{[%clk 00:10:39]} {[%emt 00:01:25]} Ra8 {[%clk 00:37:06]} {[%emt 00:00:21]} 29.
Rd1 {[%clk 00:10:24]} {[%emt 00:00:44]} Ke8 {[%clk 00:36:18]} {[%emt 00:01:19]}
30. Rd3 {[%clk 00:10:03]} {[%emt 00:00:51]} Be7 {[%clk 00:35:39]} {[%emt
00:01:09]} 31. Rd2 {[%clk 00:07:59]} {[%emt 00:02:33]} Bb4 {[%clk 00:35:29]}
{[%emt 00:00:41]} 32. Rb2 {[%clk 00:07:46]} {[%emt 00:00:42]} Ra1 {[%clk
00:35:19]} {[%emt 00:00:40]} 33. Kd3 {[%clk 00:06:09]} {[%emt 00:02:06]} Ke7
{[%clk 00:34:44]} {[%emt 00:01:07]} 34. e5 {[%clk 00:05:41]} {[%emt 00:00:57]}
Rc1 {[%clk 00:33:59]} {[%emt 00:01:15]} 35. Ke2 {[%clk 00:04:24]} {[%emt
00:01:47]} Kd7 {[%clk 00:33:00]} {[%emt 00:01:30]} 36. g5 {[%clk 00:03:06]}
{[%emt 00:01:46]} hxg5 {[%clk 00:29:13]} {[%emt 00:04:19]} 37. Nxg5 {[%clk
00:03:29]} {[%emt 00:00:06]} f6 {[%clk 00:29:34]} {[%emt 00:00:09]} 38. exf6
{[%clk 00:03:06]} {[%emt 00:00:53]} gxf6 {[%clk 00:30:03]} {[%emt 00:00:01]} 39.
Ne4 {[%clk 00:02:58]} {[%emt 00:00:38]} f5 {[%clk 00:29:48]} {[%emt 00:00:45]}
40. Nd2 {[%clk 00:03:12]} {[%emt 00:00:16]} e5 {[%clk 00:29:48]} {[%emt
00:00:31]} 41. Ra2 {[%clk 00:24:56]} {[%emt 00:08:46]} Kd6 {[%clk 00:56:31]}
{[%emt 00:03:46]} 42. g4 {[%clk 00:24:00]} {[%emt 00:01:26]} fxg4 {[%clk
00:55:32]} {[%emt 00:01:29]} 43. Ne4+ {[%clk 00:24:23]} {[%emt 00:00:07]} Kc7
{[%clk 00:55:43]} {[%emt 00:00:20]} 44. Ra4 {[%clk 00:21:03]} {[%emt 00:03:49]}
Bc3 {[%clk 00:49:36]} {[%emt 00:06:37]} 45. Ra8 {[%clk 00:21:17]} {[%emt
00:00:16]} Bd4 {[%clk 00:49:16]} {[%emt 00:00:50]} 46. Rg8 {[%clk 00:19:36]}
{[%emt 00:02:11]} Rb1 {[%clk 00:48:02]} {[%emt 00:01:44]} 47. Rxg4 {[%clk
00:13:52]} {[%emt 00:06:14]} Rb2+ {[%clk 00:47:46]} {[%emt 00:00:46]} 48. Kd1
{[%clk 00:13:06]} {[%emt 00:01:16]} Rxb3 {[%clk 00:47:51]} {[%emt 00:00:26]} 49.
f4 {[%clk 00:13:07]} {[%emt 00:00:28]} exf4 {[%clk 00:43:17]} {[%emt 00:05:04]}
50. Rxf4 {[%clk 00:13:35]} {[%emt 00:00:03]} Rb2 {[%clk 00:42:29]} {[%emt
00:01:18]} 51. Kc1 {[%clk 00:10:14]} {[%emt 00:03:50]} Rb4 {[%clk 00:39:08]}
{[%emt 00:03:51]} 52. Kd2 {[%clk 00:10:34]} {[%emt 00:00:10]} c5 {[%clk
00:36:58]} {[%emt 00:02:41]} 53. Kd3 {[%clk 00:10:01]} {[%emt 00:01:02]} Rb3+
{[%clk 00:36:00]} {[%emt 00:01:28]} 54. Kc2 {[%clk 00:10:03]} {[%emt 00:00:27]}
Re3 {[%clk 00:35:13]} {[%emt 00:01:18]} 55. Rh4 {[%clk 00:09:00]} {[%emt
00:01:32]} Kb6 {[%clk 00:35:09]} {[%emt 00:00:35]} 56. Rh6+ {[%clk 00:08:54]}
{[%emt 00:00:36]} Ka5 {[%clk 00:34:41]} {[%emt 00:00:59]} 57. Nd6 {[%clk
00:08:04]} {[%emt 00:01:20]} b6 {[%clk 00:31:34]} {[%emt 00:03:37]} 58. Nb7+
{[%clk 00:06:21]} {[%emt 00:02:13]} Ka6 {[%clk 00:31:09]} {[%emt 00:00:55]} 59.
Nd6 {[%clk 00:06:35]} {[%emt 00:00:15]} Rc3+ {[%clk 00:30:20]} {[%emt
00:01:19]} 60. Kd2 {[%clk 00:06:26]} {[%emt 00:00:39]} Rf3 {[%clk 00:29:55]}
{[%emt 00:00:55]} 61. Nc8 {[%clk 00:04:52]} {[%emt 00:02:04]} Be3+ {[%clk
00:30:06]} {[%emt 00:00:20]} 62. Ke2 {[%clk 00:05:15]} {[%emt 00:00:06]} Bxh6
{[%clk 00:30:33]} {[%emt 00:00:03]} 63. Kxf3 {[%clk 00:05:36]} {[%emt
00:00:09]} Bf8 {[%clk 00:31:00]} {[%emt 00:00:03]} 0-1